000 00645nam a2200205 4500
003 LK-CoMWRAF
005 20231109121031.0
008 230831b2007 |||||||| |||| 00| 0 eng d
040 _aLK-CoMWRAF
_dLK-CoMWRAF
_eLK-CoMWRAF
041 _aeng
082 _a320.954
_bDIS
100 _aDissanayaka, T. D. S. A.
245 _aWar or peace in Sri Lanka (volume v):
_b the anguish of Sri Lanka
260 _aColombo:
_bSwastka,
_c2007
300 _aviii, 172 p., [4] leaves of plates (col.) : ill. ; 22 cm
650 _aPOLITICS AND GOVERNMENT-Sri Lanka
650 _aHistory -- Civil War,
650 _aEthnic relations-Sri Lanka
942 _cBK
999 _c3338
_d3338